Guess the EToH Tower in 5 Facts - Statistics

General Stats
  • This quiz has been taken 51 times
  • The average score is 7 of 11
Answer Stats
Quiz Difficulty 5 Hints Answer % Correct
Hard 1. This tower is a citadel2. 25 floors 3. Wacky-frame tower 4. Remorseless 5. This tower had a joke version Citadel of Wacky Strategy
100%
Easy 1. This towers' acronym is ToCP2. This is the hardest canon tower in the entire game 3. This towers' difficulty comes from length and punishment 4. This tower was originally Insane difficulty before becoming Catastrophic 5. This tower is part of a trilogy Tower of Cruel Punishment
100%
Medium 1. This tower is located in Ring 12. It is Difficult difficulty 3. This towers' frame gradient is green to blue to black 4. This tower has an infamous jump for newbies on floor 9 5. This tower is the hardest of its difficulty in Ring 1 Tower of Stress
100%
Difficult 1. Located in an area that is a multiple of 32. Is an SC tower 3. Exact difficulty point is in the .90s
4. Created by I__N___ 5. The first tower of its difficulty
Tower of Confusion
93%
Intense 1. This tower is SC difficulty2. This tower has an extremely long floor 10 and a final stretch 3. This tower is associated with a meme in the community
4. This tower was previously challenging before being revamped 5. This tower is located in Ring 9
Tower of Nervous Sweating
76%
Challenging 1. This towers' frame is similar to a rainbow (sometimes)2. Located in the tower crossing for ToDD 3. This towers' acronym is a palindrome 4. Located in TGI 5. Challenging Tower of Traps
76%
Remorseless 1. This tower is unreleased, but comes from a released realm2. This tower is not an SC 3. This tower was originally a palace 4. Originally hard before changing to difficult 5. This tower is a citadel Citadel of Biotech Genesis
54%
Insane 1. This towers name is based off of a song by Carpenter Brut2. This tower is located in TEA, but has been deconfirmed from EToH 3. This tower was deconfirmed from rings 6,7, 8, and 9 4. This tower is a direct sequel to a tower from Ring 4 5. This tower is from a certain trilogy Tower of Inferno Galore
41%
Terrifying 1. This tower focuses on round gameplay2. Located in an area that is divisible by an odd number 3. This tower had a message that said "Touch this if you are gay" but it was removed before being added to EToH 4. This tower is part of a series made by Cr____ 5. This was the first tower to use VEVO songs Tower of Orientating Oscillating Opinions
27%
Extreme 1. This tower is not a tower, citadel, or steeple2. This tower is located in Ring 5 3. This tower and the answer for the Easy question are 2 places where you can find work from Helena_16xx 4. This tower is hidden next to another tower of the same type 5. This tower is the shortest of its type Rings 1-4 Mini Tower Rush
24%
Catastrophic 1. A tower that I (MendanSmiles) have beaten2. Also located in 1 (formerly 2) EToH fangame 3. Creator is a verified builder 4. This tower holds a record in EToH 5. Originally made elsewhere Tower of Unsettling Heights
22%
No matching quizzes found
Score Distribution
Percent of People with Each Score
Percentile by Number Answered
Your Score History
You have not taken this quiz